| 000 | 00370 a2200157 4500 | ||
|---|---|---|---|
| 001 | 68426 | ||
| 020 | _a9788579017919 | ||
| 040 | _cAnchieta - Pituba | ||
| 100 | _aDellariva, Talita | ||
| 240 | 1 | 0 |
_aBiologia 1ª série _l |
| 245 | 1 | 0 | _aBiologia 1ª série |
| 300 | _a192 | ||
| 362 | 0 | _a2023 | |
| 650 | 4 | _aBIOLOGIA, CIÊNICAS DA VIDA (CIÊNCIAS NATURAIS) | |
| 942 | _cBK | ||
| 999 |
_c68426 _d68426 |
||